Importance and benefits of environmental management in the organization

Environmentálna politika organizácie. Environmentálny manažment a výhody jeho implementácie. EMS - Environmental management system. Program environmentálneho manažmentu v ekologickej spoločnosti. Ciele krátkodobého a dlhodobého programu.

Enregistré dans:
Détails bibliographiques
Auteur principal: Karkalíková, Marta
Autres auteurs: Lacková, Alica, Krnáčová, Paulína, 1983-
Format: Chapitre de livre
Langue:anglais
Sujets:
Tags: Ajouter un tag
Pas de tags, Soyez le premier à ajouter un tag!

MARC

LEADER 00000nla a2200000 4500
001 0160535
005 20240502083356.2
041 0 |a eng 
044 |a IT 
245 1 0 |a Importance and benefits of environmental management in the organization  |c Marta Karkalíková, Alica Lacková, Paulína Krnáčová 
520 |a Environmentálna politika organizácie. Environmentálny manažment a výhody jeho implementácie. EMS - Environmental management system. Program environmentálneho manažmentu v ekologickej spoločnosti. Ciele krátkodobého a dlhodobého programu. 
610 2 0 |a systémy environmentálne manažérske 
610 2 0 |a politika environmentálna 
610 2 0 |a podnik 
610 2 0 |a systémy riadenia 
100 1 |a Karkalíková, Marta 
700 1 |a Lacková, Alica 
700 1 |a Krnáčová, Paulína, 1983-